000 00687nam a2200265Ia 4500
003 OSt
005 20220912150320.0
006 a|||||r|||| 00| 0
007 ta
008 220909b |||||||| |||| 00| 0 eng d
024 _a23348
037 _cTextual
040 _aCSL
_beng
_cCSL
041 _aeng
082 _aB394M, L6
100 _aHayman W K
245 0 _aSubharmonic functions
260 _aLondon
_bAcademic Press
_c1976
300 _axvii, 284p.
_ccm.
490 _aLondon mathematical society monographs
650 _aFunction
700 _a Kennedy P B
942 _hB394M, L6
_cTEXL
_2CC
999 _c44753
_d44753